ბათუმის შოთა რუსთაველის სახელმწიფო უნივერსიტეტის ბიბლიოთეკა

წითელი ვაშლის საიდუმლოება (ბიბ.ჩანაწერი № 42080)

000 -LEADER
fixed length control field 00835nam a2200229Ia 4500
001 - CONTROL NUMBER
control field 8770
003 - CONTROL NUMBER IDENTIFIER
control field GE_BSU
008 - FIXED-LENGTH DATA ELEMENTS--GENERAL INFORMATION
fixed length control field 181216s||||||||xx |||||||||||||| ||und||
040 ## - CATALOGING SOURCE
Transcribing agency GE_BSU
080 ## - UNIVERSAL DECIMAL CLASSIFICATION NUMBER
Universal Decimal Classification number 821.353.1-32
100 ## - MAIN ENTRY--PERSONAL NAME
Personal name იორამასვილი სოსო
245 ## - TITLE STATEMENT
Title წითელი ვაშლის საიდუმლოება
245 ## - TITLE STATEMENT
Remainder of title მოთხრობები
245 ## - TITLE STATEMENT
Statement of responsibility, etc. რედ:ნ კანდელაკი; მხატვ:ს.ცინცაძე
260 ## - PUBLICATION, DISTRIBUTION, ETC.
Place of publication, distribution, etc. თბილისი.
260 ## - PUBLICATION, DISTRIBUTION, ETC.
Name of publisher, distributor, etc. საბჭ.საქართველო
260 ## - PUBLICATION, DISTRIBUTION, ETC.
Date of publication, distribution, etc. 1977.
300 ## - PHYSICAL DESCRIPTION
Extent 206გვ;20სმ.ილ; 1ფ.პორტრ
653 ## - INDEX TERM--UNCONTROLLED
Uncontrolled term მოთხრობები.
653 ## - INDEX TERM--UNCONTROLLED
Uncontrolled term წითელი ვაშლის საიდუმლოება
942 ## - ADDED ENTRY ELEMENTS (KOHA)
Koha item type წიგნი
ეგზემპლარები
Withdrawn status Lost status Damaged status Not for loan Date acquired Barcode Date last seen Price effective from Koha item type
        2018-12-17 31112 2018-12-17 2018-12-17 წიგნი